000 00298nam a2200109 4500
999 _c13718
_d13718
008 190402b ||||| |||| 00| 0 eng d
245 _aMaking the home safe for the elderly.
260 _aPhilippines:
_bManila Bulletin;
_cc2018.
300 _apage 9.
650 0 _938135
_aElderly.
942 _2ddc
_cPER